| 000 | 00563nam a2200193Ia 4500 | ||
|---|---|---|---|
| 003 | GCL | ||
| 005 | 20240530104251.0 | ||
| 008 | 140319s9999 xx 000 0 ara d | ||
| 040 |
_aGCL / _cGCL |
||
| 082 | 0 | 4 |
_a364 _bف م |
| 100 | 0 | _aفوزية عبدالستار | |
| 245 | 1 | 0 |
_aمبادىء علم الاجرام وعلم العقاب / _cفوزية عبدالستار |
| 300 | _a447 ص | ||
| 650 | 0 | 4 | _aالقانون |
| 650 | 0 | 4 | _aالجريمة والمجرمون |
| 650 | 0 | 4 | _aعلم الاجرام |
| 650 | 0 | 4 | _aعلم العقاب |
| 942 |
_2ddc _cBK |
||
| 999 |
_c45995 _d45995 |
||